The russo-japanese war ; (Record no. 185745)

000 -LEADER
fixed length control field 01556 a2200193 4500
003 - CONTROL NUMBER IDENTIFIER
control field Nust
005 - DATE AND TIME OF LATEST TRANSACTION
control field 20230301130344.0
040 ## - CATALOGING SOURCE
Transcribing agency Nust
082 ## - DEWEY DECIMAL CLASSIFICATION NUMBER
Classification number 327.1,CHA
100 ## - MAIN ENTRY--PERSONAL NAME
Personal name J.M. Grierson
9 (RLIN) 109679
245 ## - TITLE STATEMENT
Title The russo-japanese war ;
Remainder of title reports from officers attached to the japanese forces in the field /
Statement of responsibility, etc. J.M. Grierson
260 ## - PUBLICATION, DISTRIBUTION, ETC.
Place of publication, distribution, etc. Japanese Government
Name of publisher, distributor, etc. Japan
Date of publication, distribution, etc. 1905
300 ## - PHYSICAL DESCRIPTION
Extent 627 p
Other physical details illus
Dimensions 24 cm
490 ## - SERIES STATEMENT
Volume/sequential designation Vol-3
505 ## - FORMATTED CONTENTS NOTE
Formatted contents note Before The Outbreak of Hostilities (Page-1), The Turks in Mesopotamia (Page-16), British Pre-War Policy (Page-35), The Army in India and Pre-War Military Policy (Page-49), Inception of the Operation (Page-75), Part 2: The Campaign in Lower Mesopotamia . The Landing in Mesopotamia of Force D and The Operation Leading to The Occupation of Basra (Page-99), The Occupation of Basra and the Capture of Qurna (Page-127), Commencement of the Turkish Counter – Offensive (Page-154), Development and Defeat of the Turkish Counter –offensive (Page-189), Operation in Arabistan and the Capture of Amara (Page-224), Operation on the Euphrates and the Occupation of Nasiriya (Page-267), The Battle of Kut and Occupation of Aziziya (Page-299), Book .1: Defeat (Page-3), Book 2: Forging the Weapon (Page-125), Book 3: The Weapon is Tested (Page-199), Book 4: The Tide Turns (Page-285), The Decisive Battle (Page-373), Book V: Victory (Page-479).
600 ## - SUBJECT ADDED ENTRY--PERSONAL NAME
Personal name J.M. Grierson
9 (RLIN) 109679
650 ## - SUBJECT ADDED ENTRY--TOPICAL TERM
Topical term or geographic name entry element The russo-japanese war ; reports from officers attached to the japanese forces in the field
9 (RLIN) 109680
942 ## - ADDED ENTRY ELEMENTS (KOHA)
Source of classification or shelving scheme
Koha item type Book
Holdings
Withdrawn status Lost status Source of classification or shelving scheme Damaged status Not for loan Permanent Location Current Location Shelving location Date acquired Full call number Barcode Date last seen Price effective from Koha item type Public note
          Military College of Signals (MCS) Military College of Signals (MCS) General Stacks 12/12/2016 355.02,THE MCS29275 12/08/2016 12/12/2016 Book Almirah No.73, Shelf No.8
          Military College of Signals (MCS) Military College of Signals (MCS) General Stacks 12/12/2016 355.02,THE MCS29290 12/08/2016 12/12/2016 Book Almirah No.73, Shelf No.8
© 2023 Central Library, National University of Sciences and Technology. All Rights Reserved.